000 00433pab a2200157 454500
008 180718b2001 xxu||||| |||| 00| 0 eng d
100 _aVerdier, Daniel
245 _aEuropeanization and globalization: politics against markets in the European Union
260 _c2001
300 _ap.227-62
362 _aApr
650 _aEuropean Union
700 _aBreen, Richard
773 _aComparative Political Studies
909 _a48750
999 _c48750
_d48750